El Poder Ejecutivo al Congreso constitucional (Record no. 73925)

MARC details
000 -LEADER
campo de control de longitud fija 00481nam a2200145 i 4500
001 - NÚMERO DE CONTROL
campo de control 73925
003 - IDENTIFICADOR DE NÚMERO DE CONTROL
campo de control ES-MaACL
005 - FECHA Y HORA DE LA ÚLTIMA TRANSACCIÓN
campo de control 20230906171948.0
007 - CAMPO FIJO DE DESCRIPCIÓN FÍSICA--INFORMACIÓN GENERAL
campo de control de longitud fija t|
008 - DATOS DE LONGITUD FIJA--INFORMACIÓN GENERAL
campo de control de longitud fija 040913s1915 cr ||||1| spa d
100 1# - ENTRADA PRINCIPAL--NOMBRE DE PERSONA
Nombre de persona González, Alfredo.
9 (RLIN) 58274
245 13 - MENCIÓN DEL TÍTULO
Título El Poder Ejecutivo al Congreso constitucional
Resto del título : mensaje del presidente, 1º de mayo de 1915 /
Mención de responsabilidad, etc. Alfredo González.
260 ## - PUBLICACIÓN, DISTRIBUCIÓN, ETC.
Lugar de publicación, distribución, etc. San José de Costa Rica :
Nombre del editor, distribuidor, etc. [s.n.,
Fecha de publicación, distribución, etc. 1915] (
Fabricante Tip. Nacional)
852 ## - LOCALIZACIÓN
Ubicación ES-MaACL
Número de control de estantería T-1476-f-2
Holdings
Estatus retirado Estado de pérdida Fuente del sistema de clasificación o colocación Estado de daño No para préstamo Colección Biblioteca de origen Biblioteca actual Ubicación en estantería Fecha de adquisición Total de préstamos Signatura topográfica completa Código de barras Visto por última vez Precio de reemplazo Tipo de ítem Koha
    Clasificación decimal universal     Colección de folletos Biblioteca del Ateneo de Madrid Biblioteca del Ateneo de Madrid Depósito folletos 17/01/2008   T-1476-F-2 1077381 23/02/2023 23/02/2023 Folleto